[Event "Rouen op 9th"]
[Site "Rouen"]
[Date "2016.12.20"]
[Round "6"]
[White "Mignot, Philippe"]
[Black "Blasco, David"]
[Result "0-1"]
[WhiteElo "1321"]
[BlackElo "1596"]
[PlyCount "55"]
[EventDate "2016.12.17"]
[EventType "swiss"]
[EventRounds "7"]
[EventCountry "FRA"]
[SourceTitle "CBM 176 Extra"]
[Source "ChessBase"]
[SourceDate "2017.03.02"]
[SourceVersion "1"]
[SourceVersionDate "2017.03.02"]
[SourceQuality "1"]

1. d4 Nf6 2. c4 e6 3. Nc3 Bb4 4. Bg5 c5 5. Nf3 Qa5 6. Qc2 cxd4 7. Nxd4 Qxg5 8. e3 0-0 9. Nf3 Qa5 10. Bd3 Bxc3+ 11. bxc3 d5 12. Ng5 dxc4 13. Bxh7+ Kh8 14. h4 g6 15. Bxg6 fxg6 16. Qxg6 Qf5 17. Nf7+ Rxf7 18. Qxf7 Nc6 19. h5 Ne5 20. Qf8+ Ng8 21. Qe8 Nd3+ 22. Kd2 Qxf2+ 23. Kd1 Nb2+ 24. Kc1 Qe2 25. Qb5 Nd3+ 26. Kb1 Bd7 27. Qxb7 Ba4 28. Rc1 0-1